Etické správanie žiakov v škole v súvislosti s alkoholom

Gespeichert in:
Bibliographische Detailangaben
1. Verfasser: Lovecká, Mária, 1986- (Verfasst von)
Weitere Verfasser: Jambor, Jaroslav, 1966- (Betreuung Doktorarbeit)
Format: Manuskript Buch
Sprache:Slowakisch
Veröffentlicht: Trnava : STU v Bratislave MTF KIP, 2012
Schlagworte:
Online-Zugang:VAIS
Tags: Tag hinzufügen
Keine Tags, Fügen Sie das erste Tag hinzu!

MARC

LEADER 00000ntm a22000003a 4500
001 stu251600
005 20150617230202.1
008 120719s2012----xo------------------slo-d
040 |a STU  |b slo 
041 0 |a slo 
044 |a xo 
100 1 |a Lovecká, Mária,  |d 1986-  |4 aut  |u M  |T MTF Materiálovotechnologická fakulta  |X 7764  |U M  |Y 60  |7 A000007764 
242 0 0 |a Ethical behavior in school pupils in relation to alcohol.   |y eng 
245 1 |a Etické správanie žiakov v škole v súvislosti s alkoholom 
260 |a Trnava :  |b STU v Bratislave MTF KIP,  |c 2012 
300 |a 56 s  |c príl 
650 7 |a učiteľstvo technických profesijných predmetov  |2 stusub 
650 7 |a Teaching Specific Engineering Subjects  |2 estusub 
650 7 |a voľný čas  |2 stusub 
650 7 |a prevencia  |2 stusub 
650 7 |a závislosť  |2 stusub 
650 7 |a alkohol  |2 stusub 
700 1 |a Jambor, Jaroslav,  |d 1966-  |4 ths  |u M7100  |U MTF Ústav inžinierskej pedagogiky a humatitných vied  |T MTF Katedra inžinierskej pedagogiky a psychológie  |X 41804  |U M7100  |Y 170  |7 A000041804 
856 4 |a info a plný text  |u http://is.stuba.sk/zp/portal_zp.pl?podrobnosti=80911  |3 VAIS 
996 |c M*DP-11077  |l MMSKP  |s P  |a 0  |w stu251600_0001